00493nam a2200133 4500008001000000020001500010082001500025100001900040245005200059260004500111300003500156650012400191700004400315708 M754t a9536084015 a708bM754t aMonsanto, Tony aMoratorium for Croatia:bSignals from Curaçao aZagrebbMuseum for Arts and Craftsc1993 a32 p.bill (col)c27.5 x 21 cm xarte contemporáneoxarte - exhibicionesxarte - catálogo de exhibiciónxCuraçaoxarte - pinturaxMonsanto, Tony ade Tolentino, Marienne, Buzancic, Vlado